01863agaaa2200313 45000010005000000030009000050050017000140070009000310080040000400400023000800410013001031000047001161300018001632400021001812450169002022460014003712500022003852600100004073000033005075080146005405110089006865200505007755380016012805460013012966500057013097000063013667000059014297000061014881968IT-RoPAU20220918181224.0d cvaizq50131s9999||||xx ||| | || ||und|| aIT-RoPAUcIT-RoPAU aITALIANO aBergman IngmargCodice regista SPICS: 9304 aSILENZIO (IL) aTYSTNADENgT0681 aSILENZIO (IL)cProdotto da: Svensk Filmindustri -- Sceneggiatura: Ingmar Bergman -- Diretto da: Bergman IngmarpSILENZIO (IL) (Rif. Codice opera principale : 71968) aTYSTNADEN aEdizione Standard a(SVEZIA)bSVENSK / Distribuzione: MASTER VIDEOg"1963 (1° ed.: 1988 ; Ed. Lingua Orig.: 1963)" aVHSbsonoro, col.c95 minuti a"Fotografia: Sven Nykvist; Montaggio: Ulla Ryghe; Musica: Bach Johann Sebastian; Sceneggiatura: Ingmar Bergman; Scenografia: Lundgren P.A.; " a"Ingrid-Thulin; Gunnel-Lindblom; Jorgem-Lindstrom; Haakan-Jahnberg; Birger-Malmsten" aALTRI-INTERPRETI: LISSI-ALANDH LEIF-FORSTENBERG NILS-WALDT EDUARDO-GUTIERREZ GLI-EDUARDINI TEMATICHE: INCOMUNICABILITA'-SOLITUDINE-EGOISMO NEGATIVITA'-DELL'ESISTENZA-UMANA ODIO-SENSUALITA' INIBIZIONI-PSICHICHE ALIENAZIONE VIOLENZA-E-MORTE RICERCA-DEL-TRASCENDENTE-E-SILENZIO-DI-DIO DIMENSIONE-RELIGIOSA-NEI-FILM-DI-BERGMANPROTAGONISTE-DELLA-VICENDA-SONO-DUE-SORELLE-ESTER-E-ANNA CONTRASTO-PSICOLOGICO-FRA-LE-DUE-SORELLE BAMBINO-CHE-ASSISTE-PENSIEROSO-AL-DRAMMA-DELLE-DUE-SORELLE DRAMMA-DELL'ESISTENZA aPAL, STEREO aITALIANO aPSICOLOGICOeFILMS [VHS]xCodice MATERIA SPICS: 9960 aBach Johann Sebastiane(musica)gCodice Musica SPICS: 9695 aBergman Ingmar e(regista)gCodice regista SPICS: 9304 aBergman Ingmar e(soggetto)gCodice Soggetto SPICS: 9304